000 00881caa a22002417a 4500
999 _c409859
_d409859
001 123076
003 UA-OsUOA
005 20200111202040.0
007 ta
008 20170530b un ||||| |||| 00| 0 ukr d
040 _aUA-OsUOA
_bukr
_cUA-OsUOA
_dUA-OsUOA
041 _aukr
080 _a908
090 _a908
_bМ36
100 _aМацюк О.
245 _aПам'ятки оборонного будівництва Острога та околиць (короткий історіографічний огляд)
_cО. Мацюк
300 _aС. 361–369
650 7 _a908 Краєзнавство
_2UDC
773 0 _0315674
_9328251
_dОстрог-Нью-Йорк УІТ 1999
_o91190
_tОсягнення історії
_w(UA-OsUOA) 29291
_z966-95166-7-6
942 _cBKA
_2udc
955 _a1